Datum a čas kvízu
15.5
Celkem bodů
Celkový počet nahraných bodů na tomto kvízu bez doplňovacích otázek.
7.
Pořadí na kvízu
Konečné umístění týmu na tomto kvízu.
Zaznamenané odpovědi
| # | Otázka | Odpověď | Body | Výsledky |
|---|---|---|---|---|
| 1. | Podle průzkumu společnosti Saf... | 0 | ||
| 2. | "Filosof a revolucionář Karl M... | 1 | ||
| 3. | Letošní největší výstava Muzea... | 1 | ||
| 4. | Desítky nových "hackerů" ročně... | 0 | ||
| 5. | Hokejová extraliga zavádí po v... | 0 | ||
| 6. | Košile patří k základním typům... | 0 | ||
| 7. | Dámská obdoba košile se nejčas... | 1 | ||
| 8. | Paramilitární křídlo italských... | 1 | ||
| 9. | Balada Svatební košile je souč... | 0.5 | ||
| 10. | Polotriko, zkráceně polo, je j... | 0 |